Julius caeser (Record no. 143985)

MARC details
000 -LEADER
fixed length control field 00317nam a2200133Ia 4500
008 - FIXED-LENGTH DATA ELEMENTS--GENERAL INFORMATION
fixed length control field 230917s9999||||xx |||||||||||||| ||und||
040 ## - CATALOGING SOURCE
-- 115713
Original cataloging agency VIVEKANANDA LIBRARY
041 ## - Language
-- English
082 ## - DDC NUMBER
Classification number 822.33 S15J
100 ## - MAIN ENTRY--PERSONAL NAME
Personal name Shakespear, William
245 #0 - TITLE STATEMENT
Title Julius caeser
260 ## - PUBLICATION, DISTRIBUTION, ETC. (IMPRINT)
Place of publication, distribution, etc Delhi
Name of publisher, distributor, etc Peacock Books
Date of publication, distribution, etc 91
942 ## - ADDED ENTRY ELEMENTS (KOHA)
Koha item type Books
Holdings
Withdrawn status Lost status Damaged status Not for loan Location (home branch) Sublocation or collection (holding branch) Date acquired Koha issues (times borrowed) Koha full call number Accession No. Koha date last seen Koha item type
        VIVEKANANDA LIBRARY VIVEKANANDA LIBRARY 13/05/2008 2 822.33 S15J 256959 25/09/2025 Books
        VIVEKANANDA LIBRARY VIVEKANANDA LIBRARY 13/05/2008   822.33 S15J 256960 17/09/2023 Books
        VIVEKANANDA LIBRARY VIVEKANANDA LIBRARY 13/05/2008 3 822.33 S15J 256961 29/09/2025 Books
        VIVEKANANDA LIBRARY VIVEKANANDA LIBRARY 13/05/2008   822.33 S15J 256962 17/09/2023 Books
© Designed and Maintained by Vivekananda Library, MDU Rohtak